ARRUPE JESUIT UNIVERSITY

CORONAVIRUS -STOP THE SPREAD - CLEAN,DISINFECT,COVER

Learning or Not (Record no. 124278)

MARC details
000 -LEADER
fixed length control field 00430nam a22001457a 4500
005 - DATE AND TIME OF LATEST TRANSACTION
control field 20160307084312.0
008 - FIXED-LENGTH DATA ELEMENTS--GENERAL INFORMATION
fixed length control field 160301b xxu||||| |||| 00| 0 eng d
050 ## - LIBRARY OF CONGRESS CALL NUMBER
Classification number LC4015.M595
100 ## - MAIN ENTRY--PERSONAL NAME
Personal name Metts, Ralph E.
9 (RLIN) 22657
245 ## - TITLE STATEMENT
Title Learning or Not
Statement of responsibility, etc by Metts, Ralph E.
260 ## - PUBLICATION, DISTRIBUTION, ETC. (IMPRINT)
Place of publication, distribution, etc Buffalo
Name of publisher, distributor, etc United Educational Service
Date of publication, distribution, etc 1992
300 ## - PHYSICAL DESCRIPTION
Extent 165p.;
Dimensions 26cm.
650 ## - SUBJECT ADDED ENTRY--TOPICAL TERM
Topical term or geographic name as entry element Education
9 (RLIN) 18163
General subdivision Special needs
942 ## - ADDED ENTRY ELEMENTS (KOHA)
Source of classification or shelving scheme Library of Congress Classification
Item type Monograph ( Printed materials)
Holdings
Withdrawn status Lost status Source of classification or shelving scheme Damaged status Not for loan Collection code Home library Current library Shelving location Date acquired Total Checkouts Full call number Barcode Date last seen Price effective from Koha item type
    Library of Congress Classification     Main Collection ARRUPE LIBRARY ARRUPE LIBRARY Main Collection 01/03/2016   LC4015.M595 46500006712 28/06/2018 01/03/2016 Monograph ( Printed materials)

 

Arrupe Library. PO Box MP320 Mt Pleasant, Harare, Zimbabwe
263 242 745411|librarian@aju.ac.zw